| 000 | 00552nam a2200193 4500 | ||
|---|---|---|---|
| 999 |
_c164577 _d164577 |
||
| 005 | 20190523104936.0 | ||
| 010 | _aENG-125273 | ||
| 020 |
_a9788186772430 _c1495.00 |
||
| 035 | _aEN-108805 | ||
| 037 | _bDBAD/PUB | ||
| 082 | _a310 | ||
| 100 | _aSingh, V S | ||
| 245 |
_aHandbook of statistics / _cby V S Singh |
||
| 260 |
_aNew Delhi _bNew Academic Publishers _c2011 |
||
| 270 |
_a4760-61, 23, Ansari Road _bDaryaganj, Delhi _e110002 |
||
| 300 |
_a310p. _c22cm(Hb) |
||
| 500 | _aIncludes references | ||
| 942 |
_2ddc _cEN _h310 _mSIN |
||